| 000 | 00676nam a22001817a 4500 | ||
|---|---|---|---|
| 003 | PILC | ||
| 005 | 20150820104544.0 | ||
| 008 | 150706b xxu||||| |||| 00| 0 eng d | ||
| 020 | _a9784581658 | ||
| 050 | _aPE 1001 .L897 te4wb 2014 | ||
| 100 | _aLoveday, Peter | ||
| 245 |
_aTakeaway english 4 : _benglish for success : workbook / _cPeter Loveday ; Melissa Koop ; Sally Trowbridge ; Edward Scarry .-- |
||
| 260 |
_aSingapore _bMcGraw Hill _cc2014 |
||
| 300 |
_a92 pages.: _billustrations.,; _c27 cm. _eWorkbook |
||
| 650 | _aLanguage | ||
| 700 | _aKoop, Melissa., Trowbridge, Sally., Scarry,Edward | ||
| 942 |
_2lcc _cBK _hPE 1001 .L897 te4wb 2014 |
||
| 999 |
_c288290 _d288290 |
||